| 000 | 00506nam a22001937a 4500 | ||
|---|---|---|---|
| 003 | mut | ||
| 005 | 20240606081212.0 | ||
| 008 | 170920b xxu||||| |||| 00| 0 eng d | ||
| 020 | _a 0673983609 | ||
| 040 | _cmut | ||
| 050 |
_aHB172.5 _b.L734 1997 |
||
| 100 | _aLipsey, Richard G. | ||
| 245 | _aMacroeconomics | ||
| 260 |
_aDon Mills, Ontario _bAddison-Wesley Publishers Ltd. _c1997 |
||
| 651 | _aMacroeconomics. | ||
| 700 | _aRagan, Christopher T. S. | ||
| 700 | _aCourant, Paul N. | ||
| 942 |
_2lcc _cBK |
||
| 999 |
_c11941 _d11941 |
||